ՀՀ Գիտությունների ազգային ակադեմիայի հիմնարար գիտական գրադարան  =   Fundamental Scientific Library of NAS RA

Оптимальное управление в системах воспроизведения вибраций / (Record no. 143878)

MARC details
000 -LEADER
fixed length control field 01060nam a2200217 u 4500
001 - CONTROL NUMBER
control field 000376490
003 - CONTROL NUMBER IDENTIFIER
control field AM-YeHGA
005 - DATE AND TIME OF LATEST TRANSACTION
control field 20250617132032.0
008 - FIXED-LENGTH DATA ELEMENTS--GENERAL INFORMATION
fixed length control field 041102s1977 ||||||||||||||||||||rus d
040 ## - CATALOGING SOURCE
Original cataloging agency AM-YeHGA
041 0# - LANGUAGE CODE
Language code of text/sound track or separate title rus
090 ## - LOCALLY ASSIGNED LC-TYPE CALL NUMBER (OCLC); LOCAL CALL NUMBER (RLIN)
-- 145259
100 1# - MAIN ENTRY--PERSONAL NAME
Personal name Божко, Александр Евгеньевич.
245 10 - TITLE STATEMENT
Title Оптимальное управление в системах воспроизведения вибраций /
Statement of responsibility, etc. Ин-т проблем машиностр. АН УкрССР ; А.Е. Божко ; Ред. В.Л. Рвачев.
260 ## - PUBLICATION, DISTRIBUTION, ETC.
Place of publication, distribution, etc. Киев :
Name of publisher, distributor, etc. Наукова думка,
Date of publication, distribution, etc. 1977.
300 ## - PHYSICAL DESCRIPTION
Extent 218 с.
504 ## - BIBLIOGRAPHY, ETC. NOTE
Bibliography, etc. note Список лит. с. 213-216
650 14 - SUBJECT ADDED ENTRY--TOPICAL TERM
Topical term or geographic name entry element Теория машиностроения (машиноведение). Механика как теоретическая основа машиностроения
700 1# - ADDED ENTRY--PERSONAL NAME
Personal name Рвачев, В.Л.
Relator term ред.
Relationship edt
710 2# - ADDED ENTRY--CORPORATE NAME
Corporate name or jurisdiction name as entry element Институт проблем машиностроение Академии наук Украинской ССР
Holdings
Withdrawn status Lost status Damaged status Not for loan Collection Home library Current library Date acquired Total checkouts Full call number Barcode Date last seen Price effective from Koha item type Public note
        General Fundamental Scientific Library Fundamental Scientific Library 22/12/2016   PII/407376 FL0421526 22/12/2016 22/12/2016 Գրքեր / Books 30 Days Loan


ՀՀ ԳԱԱ հիմնարար գիտական գրադարան
ՀՀ,Երևան 0019
Մարշալ Բաղրամյան 24/6
հեռախոս:(374-10) 52-47-50
Հետադարձ կապ

All site content, except where otherwise noted, is licensed under a
Creative Commons License